00433nam a2200181Ia 4500003000900000008004100009040001300050040001300063041000800076100001800084245007700102250002000179260001400199260000900213300001100222300001200233490000600245IT-RoPAU120407s9999 xx 000 0 und d aIT-RoPAU cIT-RoPAU aita aRomano Amerio aIota unum. Studio delle variazioni della Chiesa cattolica nel secolo XX. aMilano - Napoli aRicciardi c1985 a656 p. c22.5 cm v1